|
|
|
|
| LEADER |
03888nam a2200613 4500 |
| 001 |
ocn761321522 |
| 003 |
OCoLC |
| 005 |
20170124071027.8 |
| 006 |
m o d |
| 007 |
cr cn||||||||| |
| 008 |
111117s2012 enk ob 001 0 eng d |
| 040 |
|
|
|a DG1
|b eng
|e pn
|c DG1
|d UKMGB
|d YDXCP
|d OCLCO
|d OCLCQ
|d OCLCF
|d OCLCA
|d EBLCP
|d MHW
|d DEBSZ
|d OCLCQ
|d COO
|d OCLCQ
|d DEBBG
|d GrThAP
|
| 016 |
7 |
|
|a 015841363
|2 Uk
|
| 019 |
|
|
|a 791307484
|a 828303785
|
| 020 |
|
|
|a 9781118121450
|q (electronic bk.)
|
| 020 |
|
|
|a 1118121457
|q (electronic bk.)
|
| 020 |
|
|
|a 9781118121429
|
| 020 |
|
|
|a 1118121422
|
| 020 |
|
|
|a 0470658800
|
| 020 |
|
|
|a 9780470658802
|
| 029 |
1 |
|
|a DEBSZ
|b 397180950
|
| 029 |
1 |
|
|a NZ1
|b 15900776
|
| 029 |
1 |
|
|a SE4M6
|b 120059649
|
| 029 |
1 |
|
|a DEBBG
|b BV043393729
|
| 035 |
|
|
|a (OCoLC)761321522
|z (OCoLC)791307484
|z (OCoLC)828303785
|
| 037 |
|
|
|a 10.1002/9781118121450
|b Wiley InterScience
|n http://www3.interscience.wiley.com
|
| 050 |
|
4 |
|a RA781.7
|b .Y628 2012
|
| 082 |
0 |
4 |
|a 613.7/046
|2 23
|
| 049 |
|
|
|a MAIN
|
| 245 |
0 |
0 |
|a Yoga-- philosophy for everyone :
|b bending mind and body /
|c edited by Liz Stillwaggon Swan.
|
| 264 |
|
1 |
|a Chichester, West Sussex ;
|a Malden, MA :
|b Wiley-Blackwell,
|c [2012]
|
| 264 |
|
4 |
|c ©2012
|
| 300 |
|
|
|a 1 online resource (361 pages).
|
| 336 |
|
|
|a text
|b txt
|2 rdacontent
|
| 337 |
|
|
|a computer
|b c
|2 rdamedia
|
| 338 |
|
|
|a online resource
|b cr
|2 rdacarrier
|
| 490 |
1 |
|
|a Philosophy for Everyone ;
|v v. 41
|
| 505 |
0 |
|
|a Front Matter -- Coming into the Space: What is Yoga?. How Yoga Won the West / Jennifer Munyer -- Will I Find My Guru in India? / Kieran McManus -- The Seeker / David Robles -- Men, Sports, and Yoga / Barbara Purcell, Andrew Shaffer -- Standing on Your Head, Seeing Things Right Side Up / Steve Jacobson -- The . Help! My Philosophy Teacher Made Me Touch My Toes! / Ken Burak -- Man a Machine, Man a Yogi / J Neil Otte -- Yoga for Women? / Luna Dolezal -- The Feeling of Beauty / Nicole Dunas -- Picturing Yoga / Debra Merskin -- : Yoga's Vital Energy. My Guidance Counselor Always Said I'd be a Great Yoga Student / Eric Swan -- Balance in Yoga and Aristotle / Leigh Duffy -- Healing the Western Mind through Yoga / Abby Thompson -- The Path to Happiness Begins with a Journey Inside / Jim Berti -- and . Get Out of My Way! I'm Late for Yoga! / Jeff Logan -- Yoga Off the Mat / Julinna Oxley -- Becoming-Frog / Megan M Burke -- Yoga and Ethics / Paul Ulhas MacNeill -- Why are You Standing on my Yoga Mat?! / Heather Salazar -- Notes on Contributors.
|
| 504 |
|
|
|a Includes bibliographical references and index.
|
| 520 |
|
|
|a Stimulates thoughts and expands awareness of the philosophical dimensions of yoga in its many forms and practices Yoga - Philosophy for Everyone presents a wide array of perspectives by people whose lives have been touched by yoga. Addressing myriad aspects of yoga's divergent paths, topics include body image for men and women; the religious and spiritual aspects of yoga; and issues relating to ethics, personal growth, and the teaching of yoga. Written by philosophers and non-philosophers alike, with contributions from professional yoga instructors, lifelong practitioners, and.
|
| 588 |
0 |
|
|a Print version record.
|
| 650 |
|
0 |
|a Hatha yoga.
|
| 650 |
|
0 |
|a Yoga
|x Philosophy.
|
| 650 |
|
4 |
|a Hatha yoga.
|
| 650 |
|
4 |
|a Yoga
|x Philosophy.
|
| 650 |
|
7 |
|a Hatha yoga.
|2 fast
|0 (OCoLC)fst01199434
|
| 650 |
|
7 |
|a Yoga
|x Philosophy.
|2 fast
|0 (OCoLC)fst01182875
|
| 655 |
|
4 |
|a Electronic books.
|
| 700 |
1 |
|
|a Swan, Liz Stillwaggon,
|d 1973-
|
| 710 |
2 |
|
|a Wiley InterScience (Online service)
|
| 776 |
0 |
8 |
|i Print version:
|t Yoga-- philosophy for everyone.
|d Chichester, West Sussex ; Malden, MA : Wiley-Blackwell, ©2012
|z 9780470658802
|w (DLC) 2011020594
|w (OCoLC)732967765
|
| 830 |
|
0 |
|a Philosophy for everyone.
|
| 856 |
4 |
0 |
|u https://doi.org/10.1002/9781118121450
|z Full Text via HEAL-Link
|
| 994 |
|
|
|a 92
|b DG1
|